000 00733cab a2200229 4500
001 X3708
008 090401t1996 xxu||||| |||| 00| 0 eng d
035 _a(Sirsi) u32283
041 _aeng
100 _aDavis, L.
245 _aPutting candidates to the test
260 _c1996
350 _a0
490 _aCSM (Chartered Surveyor Monthly)
_v5(10) July/August 1996, 34(1)
520 _aLooks at the recruitment technique of psychological assessment via psychometric testing from the point of view of the employer.
650 _aPSYCHOLOGICAL ASSESSMENT
650 _aPSYCHOMETRIC TESTING
650 _aRECRUITMENT
690 _aMANAGEMENT-BUSINESS MANAGEMENT-PROFESSIONAL PRACTICE
942 _n0
948 _c04/03/1997
999 _c21664
_d21664